[Event "Candidates sf"]
[Site "Elista"]
[Date "2007.06.03"]
[Round "1.8"]
[White "Carlsen, Magnus"]
[Black "Aronian, Levon"]
[Result "1/2-1/2"]
[WhiteElo "2693"]
[BlackElo "2759"]
[PlyCount "143"]
[EventDate "2007.05.27"]
[EventType "k.o."]
[EventRounds "12"]
[EventCountry "RUS"]
[SourceTitle "CBM 119"]
[Source "ChessBase"]
[SourceDate "2007.08.01"]
[SourceVersion "1"]
[SourceVersionDate "2007.08.01"]
[SourceQuality "1"]

1. Nf3 Nf6 2. c4 c5 3. Nc3 b6 4. g3 Bb7 5. Bg2 e6 6. O-O Be7 7. b3 O-O 8. Bb2 d5 9. cxd5 Nxd5 10. Nxd5 Bxd5 11. Rc1 Nd7 ({RR} 11... Na6 12. Qc2 Rc8 13. Bc3 Nc7 14. a4 Ba8 15. Qb2 f6 16. d4 Nd5 17. Bd2 f5 18. dxc5 bxc5 19. Bc3 Nxc3 20. Qxc3 Bf6 21. Qe3 Qe7 22. Ne5 Bd5 23. Nc4 Bg5 24. f4 Bf6 25. Ne5 Bxe5 26. fxe5 {Eljanov,P (2712)-Kasimdzhanov,R (2685) Konya 2011 ½-½}) 12. d4 ({RR} 12. Qc2 Bf6 13. Bxf6 Nxf6 14. d3 Rc8 15. Rfd1 Qe7 16. Qb2 Bxf3 17. Bxf3 Rfd8 18. Qe5 Qd6 19. Qb2 h6 20. h4 Rd7 21. Rc4 Rcd8 22. Rdc1 Qe7 23. b4 cxb4 24. Qxb4 Qxb4 25. Rxb4 Nd5 26. Bxd5 Rxd5 {Nifdaliyev,J (2312)-Zou,C (2443) chess.com INT 2025 0-1 (46)}) 12... Rc8 13. Qd2 Nf6 $146 ({RR} 13... Bf6 14. Rfd1 cxd4 15. Bxd4 Qe7 16. Bxf6 Nxf6 17. Ne5 h6 18. Bxd5 Nxd5 19. Rc4 Rxc4 20. bxc4 Nf6 21. Qd6 Qb7 22. Qc6 Qa6 23. a4 Rc8 24. Qb5 Qb7 25. Qb1 Qc7 26. Qb2 Qc5 27. e3 Qc7 28. Qb5 {Pfleger,H (2505)-De Firmian,N Lone Pine 1981 ½-½ (66)}) ({RR} 13... cxd4 14. Bxd4 Bf6 15. Bxf6 Nxf6 16. Rxc8 Qxc8 17. Nd4 Bxg2 18. Kxg2 Rd8 19. Rc1 Qb7+ 20. Kg1 e5 21. Qe3 exd4 22. Qe5 h6 23. Rc7 Qd5 24. Qxd5 Nxd5 25. Rxa7 Nc3 26. Kf1 Re8 27. Rd7 Rxe2 28. Rd8+ {Fraschini,M (2330)-Pierrot,J Mar del Plata 1992 0-1 (32)}) 14. Rfd1 cxd4 15. Nxd4 Bxg2 16. Kxg2 Qd5+ 17. f3 h6 18. e4 Nxe4 19. Qe2 Nf6 20. Nc6 Qxc6 21. Rxc6 Rxc6 22. Bxf6 Bxf6 23. Qa6 Rc7 24. Kh3 g6 25. Qa4 Rfc8 26. Rd7 Kg7 27. b4 h5 28. Qd1 g5 29. Rxc7 Rxc7 30. Kg2 Rc4 31. a3 a5 32. b5 Rd4 33. Qc2 Rd5 34. a4 Bd4 35. Qe4 Bf6 36. Qc2 Rd4 37. Qc6 Bd8 38. Qc3 e5 39. f4 gxf4 40. gxf4 Bf6 41. fxe5 Bxe5 42. Qc2 Rg4+ 43. Kh1 Bd4 44. h3 Rg3 45. Qf5 h4 46. Kh2 Rg6 47. Kh1 Bf6 48. Qf2 Bg5 49. Qd4+ Rf6 50. Kg2 Kg6 51. Qe4+ Kh6 52. Qe8 Kg7 53. Qe5 Bf4 54. Qd4 Bg3 55. Kh1 Kg6 56. Qe4+ Kh6 57. Qe3+ Kh7 58. Qe4+ Rg6 59. Qf5 Kg7 60. Qd5 Rd6 61. Qf5 Kf8 62. Qe4 Re6 63. Qa8+ Kg7 64. Qd5 Kg6 65. Qd3+ f5 66. Qd5 Rd6 67. Qc4 Kf6 68. Qc3+ Be5 69. Qe1 Bg3 70. Qc3+ Ke7 71. Kg2 Kd7 72. Kf3 1/2-1/2

[Event "Gausdal Classics GM"]
[Site "Gausdal"]
[Date "2003.04.05"]
[Round "4"]
[White "Carlsen, Magnus"]
[Black "Lugovoi, Aleksei"]
[Result "1/2-1/2"]
[WhiteElo "2315"]
[BlackElo "2563"]
[PlyCount "54"]
[EventDate "2003.04.03"]
[EventType "tourn"]
[EventRounds "11"]
[EventCountry "NOR"]
[EventCategory "8"]
[SourceTitle "CBM 093 Extra"]
[Source "ChessBase"]
[SourceDate "2003.05.09"]
[SourceVersion "1"]
[SourceVersionDate "2003.05.09"]
[SourceQuality "1"]

1. Nf3 {Ponomariov,Ruslan} Nf6 2. c4 e6 3. Nc3 d5 4. d4 c5 5. e3 cxd4 6. exd4 Bb4 7. Bd3 O-O 8. O-O dxc4 9. Bxc4 b6 10. Bg5 Bxc3 ({RR} 10... Bb7 11. Re1 Nbd7 12. Bd3 Rc8 13. Rc1 Re8 14. a3 Bxc3 15. bxc3 Qc7 16. Bh4 Qd6) 11. bxc3 Nbd7 ({RR} 11... Bb7 12. Ne5 Nbd7 13. Nxd7 Qxd7 14. Bxf6 gxf6 15. Qg4+ Kh8 16. Qh4 Qd8 17. d5 Rg8 18. Rad1 f5 19. Qd4+ f6 20. f3 e5 21. Qd3 Qd6 22. Kh1 Rg5 23. f4 exf4 24. Qf3 Rag8 25. Rd2 Qc5 26. Qxf4 {Nguyen,Q (2418)-Firouzja,A (2763) chess.com INT 2025 0-1 (35)}) 12. Ne5 ({RR} 12. Bd3 Bb7 13. Re1 ({RR} 13. Qe2 Qc7 14. c4 Ng4 15. Be4 ({RR} 15. g3 Qc6) 15... Bxe4 16. Qxe4 Ngf6 17. Qe2 Rac8 18. Rac1 h6 19. Bh4 Qb7 20. Rfe1 Rfe8 21. a4 Qa6) 13... Qc7 14. c4 Rfe8 ({RR} 14... Ng4 15. h3 Bxf3 16. Qxf3 Qh2+ 17. Kf1 Ngf6 18. Bf4 Qh1+ 19. Ke2) 15. Bh4 ({RR} 15. Ne5 Nxe5 16. dxe5 Qc6 17. Bf1 Ne4) ({RR} 15. Qe2) 15... Rad8 ({RR} 15... Nh5 16. Ng5 ({RR} 16. Bxh7+ Kxh7 17. Ng5+ Kg8 ({RR} 17... Kh6 18. Nxf7+ Kg6 19. Ng5) ({RR} 17... Kg6 18. Qd3+ f5 19. Nxe6) 18. Qxh5 Nf6 19. Qe2 ({RR} 19. Qd1 Qxc4) 19... Qf4) 16... g6 17. Be2 Nf4 18. Bf3 Bxf3 19. Qxf3 h6 20. Ne4 g5 21. Bg3 f5 22. Nc3 Qxc4 23. Bxf4 gxf4 24. Rab1) 16. Qe2 ({RR} 16. Bg3 Qc8 ({RR} 16... Qc6 17. Rc1 Nf8 18. c5 b5 19. a4 bxa4 20. Bc2) 17. Rc1 Qa8 ({RR} 17... Nf8 18. c5) 18. Nh4 Nf8 19. Bc7 Rd7 20. Be5 Ng6 21. Nxg6 hxg6 22. f3) 16... Qf4 ({RR} 16... Nf8 17. Rad1 ({RR} 17. Bxf6 gxf6 18. d5 exd5 19. Qxe8 Rxe8 20. Rxe8 dxc4) 17... Ng6 18. Bg3 Nf4 19. Bxf4 ({RR} 19. Qe3 N6h5 20. Be4 Bxe4 21. Qxe4 Nxg3 22. hxg3 Ng6) 19... Qxf4 20. Ne5 Nd7 21. Nxd7 Rxd7 22. d5 Qg5) 17. Qe3 Qg4 ({RR} 17... Qxe3 18. fxe3 Nc5 ({RR} 18... e5 19. Bf5) 19. Be2 Nce4 20. a4) 18. h3 Qh5 19. Bxf6 ({RR} 19. Bg3 Bxf3 20. Qxf3 Qxf3 21. gxf3 Nc5) 19... Nxf6 20. Ne5 Nd7 ({RR} 20... Qh4 21. Rad1 ({RR} 21. f4 Nh5) 21... Re7 22. Bf1 Rc7) 21. f4 ({RR} 21. Nxd7 Rxd7 22. d5) 21... Nxe5 22. fxe5 Qh4 ({RR} 22... f6 23. exf6 gxf6 24. Qf2) 23. Rad1 Re7 24. Rf1 Kh8 25. Rf4 Qg5 26. Qf2 Red7 {Ponomariov,R (2733)-Kamsky,G (2741) Zug 2013 CBM 154 [Ponomariov,Ruslan] 1-0 (42)} {RR} 27. d5 Kg8 ({RR} 27... Qxe5 28. Re1) ({RR} 27... exd5 28. e6) 28. Rf1 Rf8 29. Qe2) 12... Qc7 13. Nxd7 Nxd7 14. Bb3 $146 ({RR} 14. Bd3 Bb7 15. Re1 {½-½ (15) Nikolic,N (2377)-Markus,R (2500) Budva 2003}) ({RR} 14. Bd3 Bb7 15. Re1 Qc6 16. Be4 Qc7 {½-½ (16) Flesch,J-Portisch,L Budapest 1965}) 14... h6 15. Be3 Ba6 16. Re1 Nf6 17. Qf3 Qxc3 18. Rac1 Qd3 19. Bc2 Qa3 20. Bb3 Rac8 21. Rxc8 Rxc8 22. Bxh6 gxh6 23. Qxf6 Rc1 24. Qe5 Qb2 25. h3 Rxe1+ 26. Qxe1 Qxd4 27. Qc1 Qe5 1/2-1/2

[Event "NOR-ch"]
[Site "Sandnes"]
[Date "2005.07.06"]
[Round "5"]
[White "Carlsen, Magnus"]
[Black "Ostmoe, Geir S Tallaksen"]
[Result "1-0"]
[WhiteElo "2528"]
[BlackElo "2349"]
[PlyCount "73"]
[EventDate "2005.07.02"]
[EventType "swiss"]
[EventRounds "9"]
[EventCountry "NOR"]
[SourceTitle "CBM 107 Extra"]
[Source "ChessBase"]
[SourceDate "2005.09.01"]
[SourceVersion "1"]
[SourceVersionDate "2005.09.01"]
[SourceQuality "1"]

1. Nf3 {Krasenkow,Michal} Nf6 2. c4 e6 3. d4 b6 4. g3 Ba6 5. b3 b5 6. cxb5 Bxb5 7. Bg2 d5 8. O-O Nbd7 9. Nc3 Ba6 10. Re1 ({RR} 10. Ne5 Bd6 ({RR} 10... Nxe5 11. dxe5 Nd7 ({RR} 11... Bb4 12. exf6 Bxc3 13. fxg7 Bxg7 14. Rb1 O-O 15. Ba3 Re8 16. Rc1) 12. Nxd5 exd5 ({RR} 12... Rc8 13. Nc3 Nxe5 14. Qc2) 13. Qxd5 Nb6 14. Qc6+ ({RR} 14. Qa5) 14... Qd7 15. Rd1 ({RR} 15. Bg5 Be7 16. Rfd1 Qxc6 17. Bxc6+ Kf8) 15... Qxc6 16. Bxc6+ Ke7 17. Bxa8 Nxa8 18. Bg5+ f6 19. exf6+ gxf6 20. Bf4) ({RR} 10... Bb7 11. Bf4) ({RR} 10... c5 11. Bf4 ({RR} 11. Bg5 Rc8 12. Nxd7 Qxd7 13. Bxf6 gxf6 14. Rc1 c4 15. e4 cxb3 16. Qxb3 Bc4 17. Qb2 Bh6 18. Rcd1 Bxf1 19. Bxf1) 11... Rc8 12. Na4 Nxe5 ({RR} 12... Bb5 13. Nxc5 Nxc5 14. dxc5 Bxc5 15. b4 Bd6 16. a4) 13. Bxe5 Nd7 14. Bf4 c4 15. Qd2 Be7 16. Rfc1 O-O 17. b4 Bb5 18. Nc5) 11. Bf4 ({RR} 11. Nc6 Qc8 12. a3 O-O ({RR} 12... Qb7 13. Na5 Qb6 14. b4) ({RR} 12... Nb8 13. Nb4 Bb7 14. Bb2 O-O 15. Nd3 Nbd7 16. Rc1 Qb8 17. Na4 a5 18. Qc2) 13. Bg5 ({RR} 13. Bf4 Qe8 14. Nb4 Bb7 15. Nd3) 13... Qe8 ({RR} 13... Qb7 14. Na5 Qb6 15. b4 h6 16. Bxf6 Nxf6 17. Re1 Rad8 18. Na4 Qb5 19. e4) 14. Qd2 Nb6 15. Na5 ({RR} 15. Nb4) 15... c5 16. dxc5 Bxc5 17. Bxf6 gxf6 18. Rfc1) 11... O-O ({RR} 11... Bxe5 12. dxe5 Nh5 13. Be3 Nxe5 14. Qd4 Qd6 15. Qa4+ Qc6 16. Qb4) 12. Rc1 Bxe5 13. dxe5 Nh5 ({RR} 13... Ng4 14. Nxd5 exd5 15. Qxd5 Nb6 16. Qa5 Bxe2 17. Rfe1 Bd3 18. Red1 ({RR} 18. h3) 18... Qd4 19. Rd2 Rad8 20. h3 Nxf2 21. Rxf2 Be4 22. Qxa7 Bxg2 23. Kxg2 Qe4+ 24. Kh2) 14. Na4 ({RR} 14. Be3 Nxe5 15. Na4) 14... Nxf4 15. gxf4 Bb5 16. Nc5 Nxc5 17. Rxc5 c6 18. Qd2 ({RR} 18. a4 Qb6 19. Qc2 Bc4) 18... Qb6 19. Rfc1 a5 20. e4 ({RR} 20. a4 Bc4) 20... a4 21. f5 axb3 22. f6 ({RR} 22. axb3 Kh8) 22... Qxc5 23. a4 ({RR} 23. Rxc5 bxa2 24. Qg5 a1=Q+ 25. Rc1 Qxc1+ 26. Qxc1 h6) 23... Qxc1+ 24. Qxc1 b2 {Aronian,L (2807)-Carlsen,M (2823) Moscow 2011 CBM 144 [Krasenkow,Michal] ½-½ (43)}) ({RR} 10. Bb2) ({RR} 10. Na4) ({RR} 10. a3) ({RR} 10. Rb1) 10... Bd6 11. Bb2 ({RR} 11. a3 O-O 12. e4 Nxe4 13. Nxe4 dxe4 14. Ng5 Nf6 15. Nxe4 Nxe4 16. Bxe4 Rb8 17. d5 exd5 18. Bxd5 Bb7 19. Bxb7 Rxb7 20. Be3 Qb8 21. b4 Rb5 22. Qa4 Rb7 23. Rac1 h6 24. Rc6 Qe8 25. Ra6 Qe4 {Galliamova,A (2442)-Dimitrova,A (2204) Cheboksary 2021 1-0 (44)}) 11... O-O 12. e4 $146 ({RR} 12. Rc1 Rc8 13. Rc2 Qe7 14. e4 Nxe4 15. Nxe4 dxe4 16. Rxe4 Nf6 17. Re1 Bb4 18. Bc3 c5 19. Ne5 Bb7 20. dxc5 Rfd8 21. Qc1 Bxg2 22. Bxb4 Ba8 23. Ba5 Rd5 24. b4 h6 25. f3 Nd7 26. Nc4 Qf6 {Novikov,I (2610)-Stocek,J (2557) Philadelphia 2004 ½-½ (65)}) ({RR} 12. Qd2 Rc8 13. e4 Bb4 14. exd5 Nxd5 15. a3 Bxc3 16. Bxc3 Nxc3 17. Qxc3 c5 18. Rad1 c4 19. d5 cxb3 20. Qxb3 Bc4 21. Qb7 Rc7 22. Qb4 Bxd5 23. Ne5 Nb6 24. Bxd5 Nxd5 25. Qa5 Qc8 26. Nd3 Nc3 {Nabavi,P (2126)-Farmani Anosheh,A (2136) Badenweiler 2009 ½-½ (50)}) 12... Nxe4 13. Nxe4 dxe4 14. Rxe4 Bb7 15. Rh4 Be7 16. Rh3 Nf6 17. Qe2 Bd5 18. Re1 Qb8 19. Ne5 Qb7 20. Bxd5 Qxd5 21. Qc2 c5 22. Ng4 h6 23. Re5 Qf3 24. Nxh6+ gxh6 25. Rxh6 Kg7 26. Rg5+ Kxh6 27. Bc1 cxd4 28. Rg4+ Qe3 29. Rh4+ Nh5 30. Rxh5+ Kxh5 31. Qh7+ Kg4 32. fxe3 Rac8 33. Kg2 Rxc1 34. h3+ Kg5 35. Qg7+ Kf5 36. g4+ Ke4 37. Qxd4# 1-0

[Event "Wch U12"]
[Site "Heraklion"]
[Date "2002.11.21"]
[Round "8"]
[White "Carlsen, Magnus"]
[Black "Nepomniachtchi, Ian"]
[Result "1/2-1/2"]
[WhiteElo "2250"]
[BlackElo "2344"]
[PlyCount "70"]
[EventDate "2002.11.15"]
[EventType "swiss"]
[EventRounds "11"]
[EventCountry "GRE"]
[SourceTitle "CBM 091 Extra"]
[Source "ChessBase"]
[SourceDate "2003.01.09"]
[SourceVersion "1"]
[SourceVersionDate "2003.01.09"]
[SourceQuality "1"]

1. Nf3 Nf6 2. d4 g6 3. g3 Bg7 4. Bg2 O-O 5. O-O d5 6. Ne5 Nbd7 7. c4 dxc4 8. Nxc4 Nb6 9. Nxb6 axb6 10. Nc3 Ne8 11. d5 Nd6 12. Bf4 Bd7 13. Qc2 $146 ({RR} 13. e4 e5 14. Be3 f5 15. f3 Rf7 16. b3 Qf6 17. Ne2 g5 18. g4 f4 19. Bd2 h5 20. h3 Bf8 21. Bb4 Qh6 22. Nc3 Be7 23. Qd3 Raf8 24. Rf2 hxg4 25. hxg4 Qh4 26. Kf1 Bxg4 27. Ke2 Bd7 {Meng,R (2085)-Giroyan,G (2244) Porto Carras 2010 0-1 (37)}) 13... Ra5 14. e4 e5 15. dxe6 Bxe6 16. Rfd1 Qe7 17. Bxd6 cxd6 18. Qd2 Rc8 19. Bf1 Bxc3 20. bxc3 d5 21. e5 Ra3 22. Bg2 Raxc3 23. Bxd5 R3c5 24. Bxe6 Qxe6 25. Qd7 Rxe5 26. Qxb7 Re2 27. Rdc1 Rcc2 28. Rxc2 Rxc2 29. Qb8+ Kg7 30. Qf4 Qd5 31. a4 Rc4 32. Qe3 Qc6 33. a5 bxa5 34. Qe5+ Qf6 35. Qxf6+ Kxf6 1/2-1/2

[Event "Kiel op 15th"]
[Site "Kiel"]
[Date "2002.08.16"]
[Round "9"]
[White "Carlsen, Magnus"]
[Black "Scheerer, Christoph"]
[Result "1/2-1/2"]
[WhiteElo "2214"]
[BlackElo "2384"]
[PlyCount "70"]
[EventDate "2002.08.10"]
[EventType "swiss"]
[EventRounds "9"]
[EventCountry "GER"]
[SourceTitle "EXT 2003"]
[Source "ChessBase"]
[SourceDate "2002.11.25"]
[SourceVersion "1"]
[SourceVersionDate "2002.11.25"]
[SourceQuality "1"]

1. Nf3 Nc6 2. d4 d5 3. Bf4 Bg4 4. e3 e6 5. Be2 Bd6 6. Bxd6 cxd6 7. O-O Nge7 8. h3 Bh5 9. Nbd2 O-O 10. c4 Rc8 11. Rc1 $146 ({RR} 11. cxd5 Nxd5 12. Qb3 Qe7 13. Rac1 f5 14. Bd3 g5 15. e4 fxe4 16. Bxe4 Nf4 17. Rfe1 d5 18. Bb1 Na5 19. Qe3 Rxc1 20. Rxc1 Nc4 21. Nxc4 dxc4 22. Rxc4 Nxh3+ 23. gxh3 Bxf3 24. Qe5 Bc6 25. d5 Bxd5 {Nasirov,R-Hamidullin,A (2222) Kazan 2009 ½-½ (38)}) 11... h6 12. cxd5 Nxd5 13. Ne4 Bg6 14. Nc3 Ncb4 15. Nxd5 Rxc1 16. Qxc1 Nxd5 17. Qd2 Qd7 18. Rc1 Rc8 19. Ne1 Rc7 20. Bd3 Rxc1 21. Qxc1 Bxd3 22. Nxd3 Qb5 23. Qc8+ Kh7 24. Qc2 g6 25. a3 Kg7 26. Ne1 Nb6 27. Nd3 Kf6 28. Qc3 Ke7 29. Qc7+ Nd7 30. Qc3 Kd8 31. e4 Nf6 32. f3 Nd7 33. Kf2 Nb6 34. b3 Nd7 35. a4 Qb6 1/2-1/2

[Event "Tata Steel-A 81st"]
[Site "Wijk aan Zee"]
[Date "2019.01.12"]
[Round "1"]
[White "Ding, Liren"]
[Black "Carlsen, Magnus"]
[Result "1/2-1/2"]
[WhiteElo "2813"]
[BlackElo "2835"]
[PlyCount "63"]
[EventDate "2019.01.12"]
[EventType "tourn"]
[EventRounds "13"]
[EventCountry "NED"]
[EventCategory "21"]
[SourceTitle "CBM 188"]
[Source "ChessBase"]
[SourceDate "2018.12.21"]
[SourceVersion "1"]
[SourceVersionDate "2018.12.21"]
[SourceQuality "1"]

1. Nf3 Nf6 2. g3 b5 3. d4 e6 4. Bg5 c5 ({RR} 4... Bb7 5. Nbd2 Be7 6. e3 a6 7. Nb3 d6 8. Na5 Be4 9. Bd3 Bxd3 10. cxd3 c5 11. Qd2 O-O 12. Rc1 Qb6 13. O-O Nbd7 14. Rc2 Bd8 15. Bxf6 Nxf6 16. Nb3 Qb7 17. Qe2 cxd4 18. Nfxd4 Bb6 19. Rfc1 {Rapport,R (2763)-Kramnik,V (2753) Paris 2021 1-0 (42)}) ({RR} 4... Bb7 5. Nbd2 Be7 6. Bxf6 Bxf6 7. e4 a6 8. Bd3 d6 9. O-O Nd7 10. Qe2 e5 11. c3 c5 12. dxe5 dxe5 13. a4 c4 14. Bc2 O-O 15. axb5 axb5 16. Rfd1 Qc7 17. Nf1 Nc5 18. h4 Rxa1 19. Rxa1 {Kanakaris,G (2396)-Blohberger,F (2532) chess.com INT 2025 0-1 (38)}) 5. d5 $146 ({RR} 5. Bxf6 Qxf6 6. Bg2 Bb7 7. O-O g5 8. e4 g4 9. e5 Qg7 10. Nh4 Bxg2 11. Kxg2 cxd4 12. c3 Qxe5 13. Qxg4 Nc6 14. Nf3 Qd5 15. cxd4 h5 16. Qf4 b4 17. Nbd2 f5 18. Qe3 Rb8 19. Qb3 {½-½ (19) Romanishin,O (2443)-Jakubowski,K (2528) Warsaw 2019}) ({RR} 5. Bxf6 Qxf6 6. Bg2 Bb7 7. O-O cxd4 8. Nxd4 Bxg2 9. Kxg2 a6 10. c3 Bc5 11. Nb3 Qe7 12. N1d2 Bb6 13. a4 bxa4 14. Rxa4 O-O 15. e4 Nc6 16. Qe2 a5 17. Nc4 Rfb8 18. Nc1 Bc7 19. Rd1 Rd8 {Romanishin,O (2580)-Horvath,T Lvov 1984 0-1 (60)}) 5... Qa5+ 6. Bd2 Qb6 7. dxe6 fxe6 8. a4 b4 9. a5 Qd8 10. Bg2 Nc6 11. Ne5 Nxe5 12. Bxa8 d5 13. a6 Bd7 14. Bb7 Bd6 15. Bg5 Nf7 16. Bxf6 Qxf6 17. Nd2 O-O 18. O-O Qxb2 19. e4 Qd4 20. exd5 e5 21. Nb3 Qe4 22. Qd3 Qg4 23. f3 Qh5 24. Nd2 Ng5 25. Bc6 Bh3 26. Bb5 Bxf1 27. Rxf1 Rxf3 28. Nxf3 e4 29. Qe3 Nxf3+ 30. Rxf3 Qxf3 31. Qxf3 exf3 32. Kf2 1/2-1/2

[Event "NOR-ch U20 op 13th"]
[Site "Oslo"]
[Date "2003.04.17"]
[Round "6"]
[White "Ekeberg, Carl Fredrik"]
[Black "Carlsen, Magnus"]
[Result "0-1"]
[WhiteElo "2227"]
[BlackElo "2315"]
[PlyCount "84"]
[EventDate "2003.04.??"]
[EventType "swiss"]
[EventRounds "9"]
[EventCountry "NOR"]
[SourceTitle "EXT 2005"]
[Source "ChessBase"]
[SourceDate "2004.11.15"]
[SourceVersion "1"]
[SourceVersionDate "2004.11.15"]
[SourceQuality "1"]

1. Nf3 Nf6 2. c4 g6 3. Nc3 Bg7 4. e4 d6 5. d4 O-O 6. Be2 e5 7. O-O Nh5 8. g3 Bg4 ({RR} 8... Bh3 9. Re1 exd4 10. Nxd4 Nf6 11. Bf1 Bxf1 12. Kxf1 Nc6 13. Nc2 Nd7 14. Ne3 Bxc3 15. bxc3 Nc5 16. f3 Ne5 17. Ba3 Qf6 18. Bxc5 dxc5 19. f4 Nc6 20. Nd5 Qd8 21. Qa4 Nb8 22. Rab1 c6 23. Nb6 {Van Wely,L (2655)-Jones,G (2554) London 2009 1-0 (31)}) 9. Bg5 ({RR} 9. d5 Qe8 10. Ne1 Bxe2 11. Qxe2 f5 12. f3 Na6 13. Nd3 c5 14. Bd2 Qd7 15. a3 Nc7 16. b4 b6 17. Rab1 Nf6 18. Rb2 h5 19. bxc5 bxc5 20. Rfb1 Rf7 21. Rb7 Qe8 22. Qd1 h4 23. Nf2 Qc8 {Berczes,D (2323)-Carlsen,M (2450) Budapest 2003 0-1 (48)}) 9... f6 10. Be3 Nc6 11. d5 $146 ({RR} 11. c5 Kh8 12. cxd6 cxd6 13. dxe5 dxe5 14. Qxd8 Rfxd8 15. Rfd1 Bf8 16. Kf1 Ng7 17. Nd5 Bh3+ 18. Kg1 Ne8 19. Rac1 Kg7 20. a3 Nd6 21. Nd2 Rac8 22. f3 Be6 23. Nc4 Nb5 24. Kf2 Nbd4 25. Bd3 Bxd5 {Cosma,I (2368)-Dragomirescu,R (2337) Sebes ROU 2022 0-1 (61)}) ({RR} 11. c5 Kh8 12. cxd6 cxd6 13. dxe5 dxe5 14. Qxd8 Rfxd8 15. Rfd1 Bf8 16. Kf1 Ng7 17. Nd5 Bh3+ 18. Kg1 Ne8 19. Rac1 Kg7 20. a3 Nd6 21. Nd2 Rac8 22. f3 Be6 23. Nc4 Nb5 24. Kf2 Nbd4 25. Bd3 Bxd5 {Cosma,I (2368)-Dragomirescu,R (2337) Sebes ROU 2022 0-1 (61)}) 11... Ne7 12. Qd2 Qd7 13. Ne1 Bxe2 14. Qxe2 f5 15. exf5 Nxf5 16. Ne4 Nxe3 17. Qxe3 Nf6 18. Nd3 c6 19. dxc6 Qxc6 20. Nxf6+ Rxf6 21. Rac1 Rf3 22. Qe2 Raf8 23. Nb4 Qc5 24. Nd5 e4 25. b4 Qd4 26. Ne3 h5 27. Rcd1 Qe5 28. Rd5 Qe6 29. Nd1 h4 30. Re1 hxg3 31. hxg3 Qh3 32. Qxe4 Rxg3+ 33. fxg3 Qxg3+ 34. Kh1 Rf4 35. Qxf4 Qxf4 36. Re8+ Kf7 37. Rc8 Qf1+ 38. Kh2 Be5+ 39. Rxe5 dxe5 40. Rd8 Qf4+ 41. Kh3 Qf3+ 42. Kh2 Qh5+ 0-1

[Event "Norway Chess 8th"]
[Site "Stavanger"]
[Date "2020.10.15"]
[Round "9"]
[White "Firouzja, Alireza"]
[Black "Carlsen, Magnus"]
[Result "0-1"]
[WhiteElo "2728"]
[BlackElo "2863"]
[PlyCount "138"]
[EventDate "2020.10.05"]
[EventType "tourn"]
[EventRounds "10"]
[EventCountry "NOR"]
[EventCategory "21"]
[SourceTitle "CBM 199"]
[Source "ChessBase"]
[SourceDate "2020.12.01"]
[SourceVersion "1"]
[SourceVersionDate "2020.12.01"]
[SourceQuality "1"]

1. Nf3 Nf6 2. g3 c5 3. Bg2 Nc6 4. O-O e5 5. e4 d6 6. c3 g6 ({RR} 6... Be7 7. d4 cxd4 8. cxd4 Bg4 9. Be3 h5 10. d5 Nd4 11. Bxd4 exd4 12. Qxd4 Nd7 13. Nbd2 Bf6 14. Qe3 O-O 15. Nc4 Nb6 16. Rac1 Nxc4 17. Rxc4 Qb6 18. Qxb6 axb6 19. a4 Bxb2 20. Rb1 Ba3 21. h3 {Grandelius,N (2644)-Sokolovsky,Y (2545) Eforie Nord ROU 2025 ½-½ (34)}) 7. d4 cxd4 8. cxd4 Bg4 9. dxe5 $146 ({RR} 9. d5 Nd4 10. Be3 Bg7 11. Nbd2 O-O 12. Qb1 Nd7 13. Bg5 f6 14. Be3 Nxf3+ 15. Bxf3 Bh3 16. Bg2 Bxg2 17. Kxg2 f5 18. f3 Rc8 19. Qd3 Nc5 20. Bxc5 Rxc5 21. Rac1 Rxc1 22. Rxc1 Bh6 23. exf5 gxf5 {Afanasiev,N (2522)-Tregubov,P (2560) Sochi 2021 1-0 (54)}) 9... dxe5 10. Nc3 Bg7 11. h3 Bxf3 12. Qxd8+ Rxd8 13. Bxf3 O-O 14. Kg2 Nd4 15. Bg5 h6 16. Bxf6 Bxf6 17. Nd5 Rd6 18. Rac1 Bd8 19. Rfd1 Kg7 20. Ne3 Ra6 21. a3 h5 22. Nc4 Bf6 23. h4 Rc8 24. Ne3 Rac6 25. Rxc6 Rxc6 26. Rd3 Bd8 27. Bd1 Rc1 28. Bb3 b5 29. Rd1 Rc8 30. Ba2 a5 31. Rd3 a4 32. Kf1 Bb6 33. Rc3 Rxc3 34. bxc3 Nb3 35. Ke1 Bc5 36. Nc2 Nc1 37. Bd5 Nd3+ 38. Ke2 Nxf2 39. Bc6 f6 40. Ne3 Nh1 41. Nf1 Bxa3 42. Bxb5 Bb2 43. Bxa4 Bxc3 44. Kf3 Bd4 45. g4 hxg4+ 46. Kxg4 Nf2+ 47. Kf3 Kh6 48. Ng3 Nd3 49. Be8 Nf4 50. Ne2 Ne6 51. Bf7 Nc5 52. Ng3 Bc3 53. h5 Be1 54. Bxg6 Bxg3 55. Kxg3 Kg5 56. Kf3 Nb3 57. Bf7 Nd4+ 58. Kg3 Ne2+ 59. Kf3 Nf4 60. Kg3 Nxh5+ 61. Bxh5 Kxh5 62. Kh3 Kh6 63. Kh4 Kg7 64. Kg3 Kf8 65. Kf2 Ke7 66. Ke2 Ke8 67. Ke3 Kd7 68. Kd3 Kd6 69. Kc3 Kc5 0-1

[Event "NOR Championship Group Elite"]
[Site "Roros"]
[Date "2002.07.08"]
[Round "4"]
[White "Hole, Oystein"]
[Black "Carlsen, Magnus"]
[Result "1-0"]
[WhiteElo "2272"]
[BlackElo "2214"]
[PlyCount "119"]
[EventDate "2002.07.06"]
[EventType "swiss"]
[EventRounds "9"]
[EventCountry "NOR"]
[SourceTitle "EXT 2023"]
[Source "ChessBase"]
[SourceDate "2022.10.05"]
[SourceVersion "1"]
[SourceVersionDate "2022.10.05"]
[SourceQuality "1"]

1. Nf3 c5 2. g3 Nc6 3. Bg2 g6 4. O-O Bg7 5. d3 Nf6 6. e4 d6 7. Nbd2 O-O 8. c3 Bg4 9. h3 Bxf3 10. Nxf3 b5 ({RR} 10... Rc8 11. Re1 Nd7 12. Bg5 Re8 13. Qd2 Nde5 14. Nh2 b5 15. f4 f6 16. Bh4 Nf7 17. g4 e5 18. Bg3 Bh6 19. Rf1 b4 20. h4 exf4 21. Bxf4 Bg7 22. Rad1 Rb8 23. d4 bxc3 24. bxc3 Qa5 25. e5 {Movsesian,S (2637)-Babula,V (2571) Czech Republic 2007 1-0 (52)}) ({RR} 10... Nd7 11. Re1 Rb8 12. d4 cxd4 13. cxd4 Rc8 14. a3 e5 15. Be3 exd4 16. Nxd4 Nxd4 17. Bxd4 Ne5 18. Re2 b6 19. f4 Nc4 20. Rc1 Bxd4+ 21. Qxd4 Na5 22. Rd1 Nb7 23. Red2 Qe7 24. Qd5 Rc7 25. b4 {Gutierrez Olivares,D (2354)-Montano Vicente,G (2043) chess.com INT 2024 1-0 (38)}) 11. Re1 Nd7 12. d4 Rc8 $146 ({RR} 12... cxd4 13. cxd4 Rc8 14. Be3 Nb6 15. b3 Rc7 16. Rc1 Qd7 17. Qd2 Rfc8 18. a3 e6 19. Bf1 Ne7 20. Rxc7 Rxc7 21. Rc1 Rxc1 22. Qxc1 d5 23. Bd3 dxe4 24. Bxe4 f5 25. Bb1 Nc6 26. Qc5 Qd5 27. Qxd5 {Imhof,K-Noll,S Fischbach 1993 ½-½ (45)}) 13. Be3 b4 14. Qd2 Qa5 15. Red1 Nb6 16. Bf1 bxc3 17. bxc3 Na4 18. Rac1 Rb8 19. Rc2 Rfc8 20. Kg2 cxd4 21. cxd4 Qxd2 22. Rdxd2 Nb4 23. Rxc8+ Rxc8 24. e5 Nd5 25. Rd3 Nab6 26. Ra3 Rc3 27. Rxc3 Nxc3 28. a3 Bf8 29. Bd2 Ncd5 30. Bb5 e6 31. a4 dxe5 32. dxe5 Nc7 33. Bc6 Nbd5 34. Ng5 Bb4 35. Bxb4 Nxb4 36. Bd7 Nd3 37. f4 Nc5 38. Bc6 a5 39. Ne4 Nxe4 40. Bxe4 Na6 41. Kf3 Kf8 42. Ke3 Ke7 43. Kd4 Kd7 44. Kc4 Kc7 45. Kb5 Nb4 46. Kxa5 Na2 47. Bf3 h5 48. Kb5 Nc3+ 49. Kb4 Na2+ 50. Kb3 Nc1+ 51. Kc2 Na2 52. a5 Kb8 53. Kb2 Nb4 54. Kc3 Na2+ 55. Kc4 Nc1 56. Kc5 Nd3+ 57. Kd6 h4 58. gxh4 Nxf4 59. Ke7 Nxh3 60. Kxf7 1-0